The Complete Reference JAVA (Record no. 18293)
[ view plain ]
| 000 -LEADER | |
|---|---|
| fixed length control field | 00400nam a2200169Ia 4500 |
| 003 - CONTROL NUMBER IDENTIFIER | |
| control field | OSt |
| 005 - DATE AND TIME OF LATEST TRANSACTION | |
| control field | 20240606161021.0 |
| 008 - FIXED-LENGTH DATA ELEMENTS--GENERAL INFORMATION | |
| fixed length control field | 170619s9999 xx 000 0 und d |
| 020 ## - INTERNATIONAL STANDARD BOOK NUMBER | |
| International Standard Book Number | 979-0070495431 |
| 040 ## - CATALOGING SOURCE | |
| Transcribing agency | IIMT ENGINEERING COLLEGE |
| 100 ## - MAIN ENTRY--PERSONAL NAME | |
| Personal name | Schildt Herbert |
| 245 #4 - TITLE STATEMENT | |
| Title | The Complete Reference JAVA |
| 260 ## - PUBLICATION, DISTRIBUTION, ETC. | |
| Name of publisher, distributor, etc. | New Dehi: TMH |
| 260 ## - PUBLICATION, DISTRIBUTION, ETC. | |
| Date of publication, distribution, etc. | 2005 |
| 546 ## - LANGUAGE NOTE | |
| Language note | ENGLISH |
| 942 ## - ADDED ENTRY ELEMENTS (KOHA) | |
| Source of classification or shelving scheme | |
| Koha item type | Book Bank |
| Withdrawn status | Lost status | Source of classification or shelving scheme | Damaged status | Not for loan | Home library | Current library | Date acquired | Source of acquisition | Barcode | Date last seen | Uniform Resource Identifier | Price effective from | Koha item type | Total Checkouts | Date last checked out | Checked out |
|---|---|---|---|---|---|---|---|---|---|---|---|---|---|---|---|---|
| IIMT Engineering College-BTech | IIMT Engineering College-BTech | 02/01/2007 | 1 | 06-B-15991 | 07/03/2017 | CS | 07/03/2017 | Book Bank | ||||||||
| IIMT Engineering College-BTech | IIMT Engineering College-BTech | 02/01/2007 | 1 | 06-B-15992 | 07/28/2025 | CS | 07/03/2017 | Book Bank | 4 | 04/30/2025 | ||||||
| IIMT Engineering College-BTech | IIMT Engineering College-BTech | 02/01/2007 | 1 | 06-B-15993 | 02/25/2026 | CS | 07/03/2017 | Book Bank | 4 | 02/25/2026 | 07/31/2026 | |||||
| IIMT Engineering College-BTech | IIMT Engineering College-BTech | 02/01/2007 | 1 | 06-B-15994 | 07/03/2017 | CS | 07/03/2017 | Book Bank | ||||||||
| IIMT Engineering College-BTech | IIMT Engineering College-BTech | 02/01/2007 | 1 | 06-B-15995 | 07/03/2017 | CS | 07/03/2017 | Book Bank |

